000 00767nam a22002417a 4500
999 _c127079
_d127079
005 20181218155249.0
010 _aB-062999
020 _c00.00
_a8124202508
035 _aB-062999
037 _bCen Lib/Ret
082 _a615.321
_bSAN
100 _aSantillo, Humbart
245 _aNatural healing with herbs /
_cby Humbart Santillo;edited by Subhuti Dharmananda
260 _aNew Delhi
_bCrest publishing house
_c2001
270 _aG-2,16-Ansari Road Darya Ganj
_bNew Delhi
_e110002
300 _axix,370p.
_c22cm(Hb)
500 _aIncludes bibliographical reference and index
650 _aNaturopathy
650 _aHerbs--Therapeutic use
700 _aDharmananda, Subhuti
_919312
942 _2ddc
_cEN
_h615.321
_mSAN